| 000 | 01372cam a2200349 i 4500 | ||
|---|---|---|---|
| 001 | 25379 | ||
| 003 | Mx-PuUPA | ||
| 005 | 20250825111559.0 | ||
| 008 | 140415s2014 sp ad gr 000 0 spa d | ||
| 017 | _aCO-1119-2014 | ||
| 020 | _a9788494155246 | ||
| 040 |
_aMx-PuUPA _bspa _cMx-PuUPA _dMx-PuUPA _erda |
||
| 041 | 0 | _aspa | |
| 100 | 1 |
_aEscrig, Antoni, _917382 _eautor |
|
| 245 | 1 | 3 |
_aEl reloj milagroso : _by otras historias científicas sobre robótica, automática y máquinas prodigiosas / _cpor Antoni Escrig |
| 250 |
_aPrimera edición / _bjulio |
||
| 264 | 1 |
_aEspaña : _bEditorial Almuzara, _c©2014 |
|
| 300 |
_a237 páginas : _bilustraciones, gráficas ; _c24 cm |
||
| 336 |
_2rdacontent _atexto _btxt |
||
| 337 |
_2rdamedia _asin medio _bn |
||
| 338 |
_2rdacarrier _avolumen _bnc |
||
| 490 | 0 | _aColección Divulgación científica | |
| 500 | _a"Es imposible imaginar nuestra sociedad sin el uso de sistemas automáticos; pero esta ciencia, compendio de mecánica, matemáticas, electrónica e informática, comenzó con el origen del hombre". -- Cubierta | ||
| 650 | 7 |
_2armarc _aAutomatización _xHistoria |
|
| 650 | 7 |
_2armarc _aCibernética |
|
| 650 | 7 |
_2armarc _aMáquinas _xHistoria |
|
| 650 | 7 |
_2armarc _aRobótica _xHistoria |
|
| 942 |
_2ddc _cLI _h629.809 _iE74 |
||
| 999 |
_c25379 _d25379 |
||